Viacročný rozpočet, programové rozpočtovanie. akruálne účtovníctvo a controlling v obci

Vymedzenie a zavedenie zostavovania rozpočtov na viac rokov (viacročné plánovanie rozpočtu). Implementácia programového rozpočtovania v miestnej a regionálnej územnej samospráve.

Na minha lista:
Detalhes bibliográficos
Autor principal: Kozovský, Dušan
Formato: Capítulo de Livro
Idioma:eslovaco
Assuntos:
Tags: Adicionar Tag
Sem tags, seja o primeiro a adicionar uma tag!

MARC

LEADER 00000naa$a2200000$$$4500
001 0096731
005 20240502072055.9
041 0 |a slo 
044 |a SK 
245 1 0 |a Viacročný rozpočet, programové rozpočtovanie. akruálne účtovníctvo a controlling v obci  |c Dušan Kozovský 
520 |a Vymedzenie a zavedenie zostavovania rozpočtov na viac rokov (viacročné plánovanie rozpočtu). Implementácia programového rozpočtovania v miestnej a regionálnej územnej samospráve. 
610 2 0 |a rozpočtovanie 
610 2 0 |a samospráva miestna 
610 2 0 |a kontroling 
610 2 0 |a obce 
610 2 0 |a účtovníctvo akruálne 
100 1 |a Kozovský, Dušan